Zásadné úpravy v návrhu zákona o vodách

Zásadné úpravy, ktoré prináša nový zákon o vodách prijatý vo februári 2002. Správa vodných tokov. Ochrana pred povodňami. Spoplatnenie za užívanie vôd.

Saved in:
Bibliographic Details
Main Author: Podkonický, Ladislav
Format: Book Chapter
Language:Slovak
Subjects:
Tags: Add Tag
No Tags, Be the first to tag this record!

MARC

LEADER 00000naa a2200000 4500
001 r045500
005 20230925120129.8
041 0 |a slo 
044 |a SK 
245 1 0 |a Zásadné úpravy v návrhu zákona o vodách  |c Ladislav Podkonický 
520 |a Zásadné úpravy, ktoré prináša nový zákon o vodách prijatý vo februári 2002. Správa vodných tokov. Ochrana pred povodňami. Spoplatnenie za užívanie vôd. 
610 2 0 |a voda 
610 2 0 |a zákony 
610 2 0 |a vodohospodárstvo 
610 2 0 |a toky vodné 
610 2 0 |a povodne 
610 2 0 |a Slovensko 
100 1 |a Podkonický, Ladislav